MARC

LEADER 00000nam0a2200000 4500
001 82036
005 20231031095511.0
035 |a (RuTPU)RU\TPU\book\88165 
035 |a RU\TPU\book\46671 
090 |a 82036 
100 |a 20050926d1974 m y0rusy50 ca 
101 0 |a rus 
102 |a RU 
105 |a a j 000zy 
200 1 |a Примеры и задачи по химической термодинамике  |e учебное пособие  |f М. Х. Карапетьянц 
205 |a 4-е изд., испр. 
210 |a Москва  |c Химия  |d 1974 
215 |a 301 с.  |c ил. 
610 1 |a химия 
610 1 |a химическая термодинамика 
610 1 |a термодинамика 
610 1 |a реальные газы 
610 1 |a расчеты 
610 1 |a растворимость 
610 1 |a растворы 
610 1 |a равновесие 
610 1 |a константы 
610 1 |a примеры 
610 1 |a задачи 
610 1 |a учебные пособия 
610 1 |a библиотека А. Г. Стромберга 
675 |a 544.3(076)  |v 3 
700 1 |a Карапетьянц  |b М. Х.  |g Михаил Христофорович 
801 1 |a RU  |b 63413507  |c 20021127  |g PSBO 
801 2 |a RU  |b 63413507  |c 20170911  |g PSBO 
942 |c BK